000 00487nam a2200157 i 4500
001 32216
003 ES-MaACL
005 20230906154532.0
007 t|
008 030130s1965 sp ||||1| spa d
100 1 _aBenítez Inglott, Luis.
_927639
245 1 0 _aPoemas del mundo interior /
_cLuis Benítez Inglott.
260 _aLas Palmas de Gran Canaria :
_b[Editorial del Excelentísimo Cabildo Insular],
_c1965.
300 _a56 p. ;
_c24 cm.
852 _aES-MaACL
_jC-28452
_bR.57367
999 _c32216
_d32216